000 01066nam a22002777a 4500
999 _c63882
_d63882
005 20240530110703.0
008 171225s2015 ua a g b 000 0dara d
017 _a2015/5214
_bمصر. دار الكتب
020 _a9789779102177
040 _aEG-CaGPL
_cEG-CaGPL
082 0 4 _221
_a953.072\
_bأ د
100 0 _aاحمد ابراهيم الشعراوى
245 1 0 _aدور العرب فى بلاد المغرب والاندلس /
_cاحمد ابراهيم الشعراوى .
250 _aط.1
260 _aالقاهرة :
_bالهيئة المصرية العامة للكتاب ،
_c2015 .
300 _a343 ص. ؛
_c24 سم.
490 0 _aسلسلة تاريخ العرب ؛
_v5
504 _aيشتمل على ارجاعات ببليوجرافية
650 0 7 _2qrmak
_aالحضارة العربية
650 0 7 _2qrmak
_aمملكة القوط
650 0 7 _2qrmak
_aالفتوحات الاسلامية
650 0 7 _2qrmak
_aفتح الاندلس
651 _2qrmak
942 _2ddc
_cBK